000 00466nam a2200121 a 4500
008 120416s1996 ||||||||||||||||| || u
050 _aTHESIS
100 _aMwape, Justine
245 1 0 _aOptimisation of N 100 usage as cathode smoothing reagent
260 _aKitwe
_bCopperbelt University, School of Technology
_c1996
350 _a0.00
995 _D0.00
_FCBU-MAIN LIBRARY (Kitwe)
_H1
_I0.00
_UAVAILABLE
_ZUniversity Collection
999 _c52724
_d52724